The Analysis of the Characteristics of Swirl Chamber for Cooling Hot Water; MATEC Web of Conferences; Vol. 72 : Heat and Mass Transfer in the System of Thermal Modes of Energy – Technical and Technological Equipment (HMTTSC-2016)
| Источник: | MATEC Web of Conferences Vol. 72 : Heat and Mass Transfer in the System of Thermal Modes of Energy – Technical and Technological Equipment (HMTTSC-2016).— 2016.— [01033, 5 p.] |
|---|---|
| Главный автор: | |
| Автор-организация: | |
| Другие авторы: | |
| Примечания: | Title screen The alternative way of cooling water circulating in the swirl chamber (SC) was considered. The method for calculating SC was improved and automated. The analysis of the main characteristics of the SC was performed. |
| Язык: | английский |
| Опубликовано: |
2016
|
| Предметы: | |
| Online-ссылка: | http://dx.doi.org/10.1051/matecconf/20167201033 http://earchive.tpu.ru/handle/11683/33432 |
| Формат: | Электронный ресурс Статья |
| Запись в KOHA: | https://koha.lib.tpu.ru/cgi-bin/koha/opac-detail.pl?biblionumber=649897 |
MARC
| LEADER | 00000nla2a2200000 4500 | ||
|---|---|---|---|
| 001 | 649897 | ||
| 005 | 20231101134606.0 | ||
| 035 | |a (RuTPU)RU\TPU\network\15067 | ||
| 035 | |a RU\TPU\network\15060 | ||
| 090 | |a 649897 | ||
| 100 | |a 20160830a2016 k y0engy50 ba | ||
| 101 | 0 | |a eng | |
| 105 | |a y z 100zy | ||
| 135 | |a drcn ---uucaa | ||
| 181 | 0 | |a i | |
| 182 | 0 | |a b | |
| 200 | 1 | |a The Analysis of the Characteristics of Swirl Chamber for Cooling Hot Water |f S. V. Goldaev, K. B. Tretyakova | |
| 203 | |a Text |c electronic | ||
| 300 | |a Title screen | ||
| 320 | |a [References: 7 tit.] | ||
| 330 | |a The alternative way of cooling water circulating in the swirl chamber (SC) was considered. The method for calculating SC was improved and automated. The analysis of the main characteristics of the SC was performed. | ||
| 461 | 0 | |0 (RuTPU)RU\TPU\network\4526 |t MATEC Web of Conferences | |
| 463 | 0 | |0 (RuTPU)RU\TPU\network\14977 |t Vol. 72 : Heat and Mass Transfer in the System of Thermal Modes of Energy – Technical and Technological Equipment (HMTTSC-2016) |o April 19-21, 2016, Tomsk, Russia |o [proceedings] |f National Research Tomsk Polytechnic University (TPU) ; eds. G. V. Kuznetsov [et al.] |v [01033, 5 p.] |d 2016 | |
| 610 | 1 | |a электронный ресурс | |
| 610 | 1 | |a труды учёных ТПУ | |
| 610 | 1 | |a вихревые камеры | |
| 610 | 1 | |a охлаждение | |
| 610 | 1 | |a горячая вода | |
| 700 | 1 | |a Goldaev |b S. V. |c specialist in the field of thermal engineering |c Professor of Tomsk Polytechnic University, Doctor of physical and mathematical sciences |f 1950- |g Sergey Vasilievich |2 stltpush |3 (RuTPU)RU\TPU\pers\32797 | |
| 701 | 1 | |a Tretyakova |b K. B. |g Kseniya | |
| 712 | 0 | 2 | |a Национальный исследовательский Томский политехнический университет (ТПУ) |b Энергетический институт (ЭНИН) |b Кафедра теоретической и промышленной теплотехники (ТПТ) |h 117 |2 stltpush |3 (RuTPU)RU\TPU\col\18679 |
| 801 | 2 | |a RU |b 63413507 |c 20170120 |g RCR | |
| 856 | 4 | |u http://dx.doi.org/10.1051/matecconf/20167201033 | |
| 856 | 4 | |u http://earchive.tpu.ru/handle/11683/33432 | |
| 942 | |c CF | ||